| 000 | 00370nam a22001577a 4500 | ||
|---|---|---|---|
| 003 | OSt | ||
| 008 | 201117b ||||| |||| 00| 0 eng d | ||
| 020 | _a978-0333778210 | ||
| 100 | _aKOUTSOYIANNIS, A | ||
| 245 | _aModern Microeconomics | ||
| 250 | _a2 ed | ||
| 260 |
_aU.K. _bPalgrave Macmillan U.K _c2005 |
||
| 300 | _a581 | ||
| 650 | _aB.A Economics | ||
| 942 |
_2ddc _cBK |
||
| 999 |
_c9116 _d9116 |
||